भारतीय स्वातंत्र्य संग्राम आणि विज्ञान (Record no. 370069)

MARC details
000 -LEADER
fixed length control field 03889 a2200157 4500
003 - CONTROL NUMBER IDENTIFIER
control field OSt
005 - DATE AND TIME OF LATEST TRANSACTION
control field 20260206171052.0
008 - FIXED-LENGTH DATA ELEMENTS--GENERAL INFORMATION
fixed length control field 260206b |||||||| |||| 00| 0 eng d
020 ## - INTERNATIONAL STANDARD BOOK NUMBER
International Standard Book Number 9789391558369
100 ## - MAIN ENTRY--PERSONAL NAME
Personal name सहस्रबुद्धे ज
9 (RLIN) 216677
245 ## - TITLE STATEMENT
Title भारतीय स्वातंत्र्य संग्राम आणि विज्ञान
260 ## - PUBLICATION, DISTRIBUTION, ETC. (IMPRINT)
Name of publisher, distributor, etc. भारतीय विचार साधना प्रकाशन
Date of publication, distribution, etc. 2021
Place of publication, distribution, etc. पुणे
300 ## - PHYSICAL DESCRIPTION
Extent 39pp.
520 ## - SUMMARY, ETC.
Summary, etc. भारतीय स्वातंत्र्य संग्रामात केवळ राजकीय नेतेच नाही, तर वैज्ञानिक, संशोधक आणि विज्ञान संस्थांचे योगदान अत्यंत मोलाचे होते. स्वदेशी विज्ञान चळवळीतून ब्रिटिशांचा आर्थिक आणि बौद्धिक पाया कमकुवत करणे हा याचा मुख्य उद्देश होता [३, ६, ९]। डॉ. प्रफुल्लचंद्र राय, जे.सी. बोस यांसारख्या शास्त्रज्ञांनी स्वदेशी उद्योग व विज्ञानाला प्रोत्साहन देऊन आत्मनिर्भर भारताचा पाया रचला [९]।<br/>भारतीय स्वातंत्र्य संग्रामातील विज्ञानाची प्रमुख भूमिका:<br/>स्वदेशी विज्ञान चळवळ: विज्ञानाचा वापर करून आत्मनिर्भरता वाढवणे, जेणेकरून ब्रिटीश मालाची आयात कमी होईल. यामध्ये बंगाल केमिकल अँड फार्मास्युटिकलसारख्या उद्योग समूहांचे योगदान महत्त्वाचे होते [३, ९]।<br/>वैज्ञानिक राष्ट्रवाद: ब्रिटीश भारताला मागासलेला देश मानत होते. या गैरसमजाला दूर करण्यासाठी आणि भारतीय प्राचीन व आधुनिक विज्ञानाची ताकद जगासमोर मांडण्यासाठी शास्त्रज्ञांनी प्रयत्न केले [९]।<br/>अंधश्रद्धा निर्मूलन आणि जागृती: वैज्ञानिक विचारांचा प्रसार करून समाजात जागरूकता निर्माण करणे, हा स्वातंत्र्याचाच एक भाग होता [१]।<br/>वैज्ञानिक संस्थांची स्थापना: भारतीय वैज्ञानिक संस्था आणि अकादमींनी संशोधनाला प्रोत्साहन देऊन ब्रिटीश बौद्धिक वर्चस्वाला आव्हान दिले [१]।<br/>नेत्यांचा वैज्ञानिक दृष्टिकोन: लोकमान्य टिळक आणि स्वामी विवेकानंद यांनी विज्ञानाचे महत्त्व ओळखून समाजाला वैज्ञानिक दृष्टिकोन आत्मसात करण्याचे आवाहन केले होते [९]। <br/>
942 ## - ADDED ENTRY ELEMENTS (KOHA)
Koha item type Books
Source of classification or shelving scheme Dewey Decimal Classification
Holdings
Withdrawn status Lost status Source of classification or shelving scheme Damaged status Not for loan Collection code Home library Current library Date acquired Vendor Cost, normal purchase price Total Checkouts Barcode Date last seen Cost, replacement price Bill Date Koha item type Original Barcode
    Dewey Decimal Classification     MCA MKSSS s K.B. Joshi Institute of Information Technology Library MKSSS s K.B. Joshi Institute of Information Technology Library 31/01/2026 188 35.00   KBJP-BK-2942 31/01/2026 50.00 31/01/2026 Books 2942